[Event "GER-chT U20"]
[Site "Ditzingen"]
[Date "2003.12.27"]
[Round "1.2"]
[White "Wilke, Matthias"]
[Black "Fadavian, Marius"]
[Result "1/2-1/2"]
[WhiteElo "2033"]
[BlackElo "2042"]
[PlyCount "49"]
[EventDate "2003.12.27"]
[EventType "team-swiss"]
[EventRounds "7"]
[EventCountry "GER"]
[SourceTitle "EXT 2022"]
[Source "ChessBase"]
[SourceDate "2021.10.06"]
[SourceVersion "1"]
[SourceVersionDate "2021.10.06"]
[SourceQuality "1"]
[WhiteTeam "Hettstedt U20"]
[BlackTeam "Aachen Hoern U20"]
[WhiteTeamCountry "GER"]
[BlackTeamCountry "GER"]

1. e4 Nf6 2. Nc3 d5 3. e5 d4 4. exf6 dxc3 5. fxe7 cxd2+ 6. Bxd2 Bxe7 7. Bd3 Nc6 8. Bc3 Bf6 9. Ne2 Bxc3+ 10. Nxc3 Qe7+ 11. Qe2 Qxe2+ 12. Nxe2 Bd7 13. 0-0-0 0-0-0 14. Ng3 Ne5 15. f3 Be6 16. Bf5 Rhe8 17. Rxd8+ Kxd8 18. Rd1+ Kc8 19. Rd4 Bxf5 20. Nxf5 g6 21. Ng3 f5 22. b3 Nc6 23. Rd2 Nd8 24. Ne2 Ne6 25. Nd4 1/2-1/2

[Event "GER-ch U16"]
[Site "Oberhof"]
[Date "1999.??.??"]
[Round "?"]
[White "Bravo Lutz, Sebastian"]
[Black "Wilke, Matthias"]
[Result "1/2-1/2"]
[WhiteElo "1875"]
[BlackElo "1685"]
[PlyCount "62"]
[EventDate "1999.??.??"]
[EventType "swiss"]
[EventRounds "9"]
[EventCountry "GER"]
[SourceTitle "EXT 2000"]
[Source "ChessBase"]
[SourceDate "1999.11.16"]
[SourceVersion "1"]
[SourceVersionDate "1999.11.16"]
[SourceQuality "1"]

1. e4 c5 2. b4 cxb4 3. Bb2 d6 4. d4 e6 5. Nf3 Nf6 6. Bd3 Be7 7. 0-0 0-0 8. c4 bxc3 9. Nxc3 Nbd7 10. e5 dxe5 11. dxe5 Nd5 12. Nxd5 exd5 13. Rc1 Nc5 14. Rxc5 Bxc5 15. Qc2 Be7 16. Bxh7+ Kh8 17. Bd3 Be6 18. Nd4 Qd7 19. Re1 Rac8 20. Qb1 Bg5 21. h4 Bxh4 22. g3 Be7 23. Bb5 Qd8 24. f4 Bg4 25. Kg2 f5 26. Rh1+ Kg8 27. Rh2 g6 28. Be2 Bxe2 29. Nxe2 d4 30. Nxd4 Bc5 31. Qh1 Kf7 1/2-1/2

[Event "GER-ch U16"]
[Site "Oberhof"]
[Date "1999.??.??"]
[Round "?"]
[White "Wilke, Matthias"]
[Black "Eissing, Christoph"]
[Result "0-1"]
[WhiteElo "1685"]
[BlackElo "1900"]
[PlyCount "60"]
[EventDate "1999.??.??"]
[EventType "swiss"]
[EventRounds "9"]
[EventCountry "GER"]
[SourceTitle "EXT 2000"]
[Source "ChessBase"]
[SourceDate "1999.11.16"]
[SourceVersion "1"]
[SourceVersionDate "1999.11.16"]
[SourceQuality "1"]

1. e4 c6 2. d4 d5 3. e5 Bf5 4. Bd3 Bxd3 5. Qxd3 Qa5+ 6. c3 Qa6 7. Qxa6 Nxa6 8. Ne2 e6 9. a3 Ne7 10. 0-0 c5 11. f4 Nc6 12. Be3 Be7 13. Nd2 0-0 14. g4 cxd4 15. cxd4 Na5 16. Rac1 b5 17. f5 Nc4 18. Nxc4 bxc4 19. fxe6 fxe6 20. Rxf8+ Rxf8 21. Rf1 Rb8 22. Bc1 Nc7 23. Kg2 a6 24. Nc3 Nb5 25. Nxb5 Rxb5 26. Rf2 Bd8 27. Rf3 Bb6 28. Rf4 Rb3 29. Kf2 Rh3 30. Kg2 Rd3 0-1